[Event "Cap d'Agde Avenir op"]
[Site "Cap d'Agde"]
[Date "2008.10.29"]
[Round "6"]
[White "Rodriguez, Jean Pierre"]
[Black "David, Gerard"]
[Result "1-0"]
[WhiteElo "1693"]
[BlackElo "1610"]
[PlyCount "65"]
[EventDate "2008.10.25"]
[EventType "swiss"]
[EventRounds "9"]
[EventCountry "FRA"]
[SourceTitle "EXT 2010"]
[Source "ChessBase"]
[SourceDate "2010.11.25"]
[SourceVersion "1"]
[SourceVersionDate "2010.11.25"]
[SourceQuality "1"]

1. c4 a6 2. b4 e6 3. a3 b6 4. Bb2 Nf6 5. Nf3 Be7 6. Nc3 0-0 7. e3 c6 8. Be2 a5 9. b5 c5 10. a4 Bb7 11. d3 Qc7 12. h3 Rd8 13. Qc2 d5 14. cxd5 Nxd5 15. Nxd5 Bxd5 16. e4 Bb7 17. 0-0 Nd7 18. Rac1 Bf6 19. d4 Qf4 20. Bd3 Rac8 21. Qb1 cxd4 22. Rxc8 Rxc8 23. Nxd4 Nc5 24. Ne2 Qg5 25. Bc1 Qe5 26. Bf4 Qh5 27. e5 Nxd3 28. Qxd3 Bxe5 29. Ng3 Qh4 30. Bxe5 Qxa4 31. Qd7 Ba6 32. Rd1 h6 33. bxa6 1-0